00649nam a2200253Ia 4500008004100000020001800041050000900059050001400068100002300082245003500105245004300140245002300183260001000206260001600216260000900232300002300241300002000264300001000284500002000294650002400314650002700338700001100365999001900376170711s9999 xx 000 0 und d a9781601660114 a28.9 bC425 2008 aCezanne, Jeannette aOpen your heart with reading : bmastering life through love of books / cJeannette Cezanne. aUSA : bDream Time, c2008 axviii, 185 pages : billustrations ; c21cm. aIncludes index. aBooksand reading -- xPsychological aspects. aTitle. c339888d339888